A new prognostication for the year of our blessed Lord 1683. : Being the third after bessextile [sic], or, leap year. Containing the moveable feasts: the eclipses: the four quarters of the year: the changes of the moon, with the disposition of the weather. The dismal dayes. And the whole known fairs of Scotland. With several other things worthie of the noticing. Serving most fitly for the most part of the kingdom of Scotland, but more especially for our city of Glasgow, where the pole is elevated 55. deg. 55. min. /

Bibliographic Details
Format: eBook
Language:English
Published: Glasgow : Printed, by Robert Sanders and are to be sold at his shop, 1683.
Series:Early English books online.
Subjects:
Online Access:Connect to the full text of this electronic book

MARC

Tag First Indicator Second Indicator Subfields
LEADER 00000nam a2200000Ia 4500
001 in00004326921
005 20200812085631.0
006 m g d
007 cr bn |||a|bb|
008 000319s1683 stk o 000 0 eng d
035 |a (OCoLC)43663160 
040 |a EAE  |c EAE  |e dcrb 
037 |a CL0037000110  |b ProQuest Information and Learning. 300 N. Zeeb Rd., Ann Arbor, MI 48106 
043 |a e-uk-st 
045 0 |b d1683 
090 |a AY751  |b .S26 1683 
049 |a UMIA 
245 0 2 |a A new prognostication for the year of our blessed Lord 1683. :  |b Being the third after bessextile [sic], or, leap year. Containing the moveable feasts: the eclipses: the four quarters of the year: the changes of the moon, with the disposition of the weather. The dismal dayes. And the whole known fairs of Scotland. With several other things worthie of the noticing. Serving most fitly for the most part of the kingdom of Scotland, but more especially for our city of Glasgow, where the pole is elevated 55. deg. 55. min. /  |c Set forth, at Aberdene: by a painful astronomer; and well-wisher of this kingdom. 
260 |a Glasgow :  |b Printed, by Robert Sanders and are to be sold at his shop,  |c 1683. 
300 |a 1 online resource ([16] pages) 
336 |a text  |b txt  |2 rdacontent 
337 |a computer  |b c  |2 rdamedia 
338 |a online resource  |b cr  |2 rdacarrier 
500 |a Imperfect: faded, and tightly bound. 
500 |a Reproduction of original in: University of Glasgow. Library. 
510 4 |a Wing (2nd edition)  |c A1984N 
533 |a Electronic reproduction.  |b Ann Arbor, Mich. :  |c UMI,  |d 1999-  |f (Early English books online)  |n Digital version of: (Early English books, 1641-1700 ; 2596:5)  |7 s1999 miun s 
650 0 |a Almanacs, Scottish. 
650 0 |a Astrology  |v Early works to 1800. 
650 0 |a Ephemerides. 
830 0 |a Early English books online. 
856 4 0 |u http://proxy.library.tamu.edu/login?url=https://search.proquest.com/docview/2240881418  |z Connect to the full text of this electronic book  |t 0 
999 f f |s eff958cf-77f3-3f78-99f0-0ef8a96a7d1c  |i faf1260c-cffe-3125-a7be-2bc6254a464b  |t 0 
952 f f |a Texas A&M University  |b College Station  |c Electronic Resources  |d Available Online  |t 0  |e AY751 .S26 1683  |h Library of Congress classification 
998 f f |a AY751 .S26 1683  |t 0  |l Available Online